000 00255nam a2200109Ia 4500
008 220216s9999 xx 000 0 und d
100 _aEappen T.
245 0 _aRubberinte valarchayil zincinte panku
260 _bRubber
_c2010
300 _a21
942 _cBS
999 _c49593
_d49593